Komentár k novelizácii zákona o dani z príjmov vykonanej zákonom č. 314/2005 Z.z.

20. júla 2005 nadobudol účinnosť zákon č. 314/2005 Z.z., ktorým sa mení a dopĺňa zákon č. 595/2003 Z.z. o dani z príjmov v znení neskorších predpisov. Novelizácia rieši štyri okruhy problémov: podiel na zisku po zdanení, spresňuje príjem, ktorý sa u zamestnanca považuje za príjem zo závislej činnost...

Descripción completa

Guardado en:
Detalles Bibliográficos
Autor principal: Minársky, Ján
Formato: Capítulo de libro
Lenguaje:eslovaco
Materias:
Etiquetas: Agregar Etiqueta
Sin Etiquetas, Sea el primero en etiquetar este registro!

MARC

LEADER 00000naa$a2200000$$$4500
001 0034944
005 20231106071724.7
041 0 |a slo 
044 |a SK 
245 1 0 |a Komentár k novelizácii zákona o dani z príjmov vykonanej zákonom č. 314/2005 Z.z.  |c Ján Minársky 
520 |a 20. júla 2005 nadobudol účinnosť zákon č. 314/2005 Z.z., ktorým sa mení a dopĺňa zákon č. 595/2003 Z.z. o dani z príjmov v znení neskorších predpisov. Novelizácia rieši štyri okruhy problémov: podiel na zisku po zdanení, spresňuje príjem, ktorý sa u zamestnanca považuje za príjem zo závislej činnosti, základ dane závislých osôb, daňový bonus. 
610 2 0 |a dane z príjmov 
610 2 0 |a zákony 
610 2 0 |a novelizácia 
610 2 0 |a komentáre 
610 2 0 |a Slovensko 
610 2 0 |a 2003-2005 
100 1 |a Minársky, Ján